Hlási sa mi 47 štátnych tajomníkov, miesto mám pre dvoch nový minister dopravy, pôšt a telekomunikácií Ľubomír Vážny pre HN

Bibliographic Details
Main Author: Svozil, Karol (Author, Interviewer)
Format: Article
Language:Slovak
PhysicalDescription:Fotogr.
ISSN:1335-4701
Subjects:

MARC

LEADER 00000nab a2200000 a 4500
001 vtls008900920
003 SK-MaSNL
005 20260303204651.0
008 140301c20060710xo dr|p|||||||000 b|slo
015 |a SNBRB2006/12  |2 snkbucl 
038 |a SNKBUCL 
040 |a SNKBUCL  |b slo  |c SNKBUCL  |e AACR2 
041 0 |a slo 
044 |a xo  |c SK 
080 |a 354.41/.44  |x (437.6)  |2 1997 
080 |a 656  |x (437.6)  |2 1997 
080 |a 654  |x (437.6)  |2 1997 
080 |a 32-051  |2 1997 
080 |a 929 Vážny, Ľubomír  |2 1997 
100 1 |a Svozil, Karol  |4 ivr  |4 aut  |9 1060867 
245 1 0 |a Hlási sa mi 47 štátnych tajomníkov, miesto mám pre dvoch  |b nový minister dopravy, pôšt a telekomunikácií Ľubomír Vážny pre HN  |c [zhováral sa] Karol Svozil 
300 |b Fotogr. 
600 1 7 |a Vážny, Ľubomír  |d 1957-  |2 snkbucl  |9 103751 
610 1 7 |a Slovensko.  |b Ministerstvo dopravy, pôšt a telekomunikácií  |2 snkbucl  |9 236279 
650 0 7 |a doprava  |2 snkbucl  |9 1777 
650 0 7 |a telekomunikácia  |2 snkbucl  |9 105923 
700 1 |a Vážny, Ľubomír,  |d 1957-  |4 ive  |9 103751 
773 0 |t Hospodárske noviny  |g Roč. XIV., č. 130 (10.7.2006), s. 3  |x 1335-4701 
852 |a SNK  |b KIS3GCP 
958 |a BX 
958 |a SK 
999 |c 2191007  |d 2192937